• 首页
  • 本馆介绍
  • 公告通知
  • 最新文献
  • 馆藏检索
  • 电子资源
  • 读者导购
  • 参考咨询
  • 我的图书馆
  • 登录
  • 详细信息显示
  • 放入我的书架
  • 预约/预借图书
  • 作者相关作品
  • 分类相关作品
  • 丛书相关作品
  • 出版社相关作品

书目信息

  • 表格格式
  • 工作单格式
  • 卡片格式
题名:
中式烹调师(高级技师)培训教程
    
 
作者: 刘雪峰 主编
分册:  
出版信息: 北京   中国轻工业出版社  2015
页数: 278页
开本: 24cm
丛书名:
单 册:
中图分类: TS972.117
科图分类:
主题词: 中式菜肴--烹饪--技术培训--教材
电子资源:
ISBN: 978-7-5019-9936-1
000 00829nam0 2200229 450
001 2367753248
005 20231215204048.26
010    @a978-7-5019-9936-1@dCNY 36.00
100    @a20150130d2015 em y0chiy0120 ea
101 0  @achi@aeng
102    @aCN@b110000
105    @ay z 000yy
200 1  @a中式烹调师(高级技师)培训教程@Azhong shi peng tiao shi ( gao ji ji shi ) pei xun jiao cheng@b专著@f刘雪峰主编
210    @a北京@c中国轻工业出版社@d2015
215    @a278页@d24cm
300    @a餐饮行业职业技能培训教程
330    @a本书的内容包括职业道德、饮食卫生、饮食营养、饮食文化、餐饮管理、餐饮服务、面点制作、餐饮英语、安全生产九个模块。
606 0  @a中式菜肴@x烹饪@x技术培训@j教材
690    @aTS972.117@v5
701  0 @a刘雪峰@Aliu xue feng@f(1968 )@4主编
801  2 @aCN@b辽宁北配@c20231205
905    @aBZT@dTS972.117@e15
    
    中式烹调师(高级技师)培训教程/刘雪峰主编.-北京:中国轻工业出版社,2015
    278页;24cm
    餐饮行业职业技能培训教程
    
    ISBN 978-7-5019-9936-1:CNY 36.00
    本书的内容包括职业道德、饮食卫生、饮食营养、饮食文化、餐饮管理、餐饮服务、面点制作、餐饮英语、安全生产九个模块。
●
相关链接 在五车中查询图书 在当当中查询图书 在豆瓣中查询图书


正题名:中式烹调师(高级技师)培训教程     索取号:TS972.117/15         预约/预借

序号 登录号 条形码 馆藏地/架位号 状态 备注
1 2001513058   2001513058   315书库/ [索取号:TS972.117/15] 在馆    
2 2001513059   2001513059   315书库/ [索取号:TS972.117/15] 在馆    
3 2001513060   2001513060   315书库/ [索取号:TS972.117/15] 在馆    
4 2001513061   2001513061   315书库/ [索取号:TS972.117/15] 在馆    
5 2001513062   2001513062   315书库/ [索取号:TS972.117/15] 在馆    
山东省滨州职业学院图书馆 欢迎您!
大连网信软件有限公司© 版权所有